[Event "Ligue elite du dimanche - S9"]
[Site "Montreal CAN"]
[Date "2018.11.18"]
[Round "4"]
[White "Zhong, Kevin"]
[Black "Richard, Leo"]
[Result "1-0"]
[WhiteElo "2278"]
[BlackElo "1926"]
[PlyCount "51"]
[EventDate "2018.09.23"]
[EventType "team"]
[EventRounds "5"]
[EventCountry "CAN"]
[WhiteTeam "KingKongFou"]
[BlackTeam "Chess Homies"]

1. e4 c6 2. d4 d5 3. exd5 cxd5 4. c4 Nf6 5. Nc3 e6 6. Nf3 Nc6 7. Bg5 dxc4 8.
Bxc4 Be7 9. O-O O-O 10. Qd2 Qa5 11. a3 a6 12. b4 Qc7 13. Bf4 Bd6 14. Bg5 Be7
15. Bf4 Bd6 16. Bxd6 Qxd6 17. Rad1 Rd8 18. Qe3 b5 19. Bb3 Bb7 20. d5 exd5 21.
Nxd5 Nxd5 22. Bxd5 Qc7 23. Ng5 Rd7 24. Rd3 g6 25. Qh3 h5 26. Qxd7 1-0

[Event "Ligue elite du dimanche - S9"]
[Site "Montreal CAN"]
[Date "2018.12.09"]
[Round "5"]
[White "Craciun, David"]
[Black "Zhong, Kevin"]
[Result "1/2-1/2"]
[WhiteElo "1908"]
[BlackElo "2265"]
[PlyCount "60"]
[EventDate "2018.09.23"]
[EventType "team"]
[EventRounds "5"]
[EventCountry "CAN"]
[WhiteTeam "FunkyChess"]
[BlackTeam "KingKongFou"]

1. Nf3 d5 2. e3 c5 3. b3 Nc6 4. Bb2 Nf6 5. c4 e6 6. cxd5 Nxd5 7. Bb5 Bd7 8. O-O
Nf6 9. Na3 Be7 10. Rc1 O-O 11. Qe2 Nb4 12. Bxf6 Bxf6 13. Rxc5 Be7 14. Rc4 Nxa2
15. Bxd7 Qxd7 16. Nc2 b5 17. Rg4 Rfc8 18. Ncd4 Nc1 19. Qxb5 Qxb5 20. Nxb5 Nxb3
21. Ra4 a5 22. Nbd4 Nc5 23. Ra2 a4 24. Rfa1 Nd3 25. Kf1 a3 26. Nc2 Bf6 27. Nfd4
e5 28. Nf3 e4 29. Nfd4 Be7 30. Nb5 Rab8 1/2-1/2

[Event "Ligue elite du dimanche - S9"]
[Site "Montreal CAN"]
[Date "2018.12.09"]
[Round "5"]
[White "Lafleche, Alain"]
[Black "Morin-Pare, Victor"]
[Result "0-1"]
[WhiteElo "1620"]
[BlackElo "1891"]
[PlyCount "158"]
[EventDate "2018.09.23"]
[EventType "team"]
[EventRounds "5"]
[EventCountry "CAN"]
[WhiteTeam "L33la"]
[BlackTeam "Chess Homies"]

1. e4 d6 2. d4 Nf6 3. Nc3 g6 4. f3 a6 5. Be3 b5 6. a3 Nbd7 7. Qd2 c5 8. e5 cxd4
9. Bxd4 dxe5 10. Be3 Bg7 11. O-O-O O-O 12. g4 Qa5 13. Kb1 e6 14. Nd5 Qxd2 15.
Ne7+ Kh8 16. Rxd2 Bb7 17. g5 Nd5 18. Nxd5 exd5 19. Bh3 Rfd8 20. Bg4 d4 21. Bf2
Nb6 22. h4 Nc4 23. Rd3 e4 24. fxe4 Bxe4 25. Bf3 Bxd3 26. Bxa8 Bxc2+ 27. Kxc2
Rxa8 28. Nf3 Rc8 29. Kb3 Ne3 30. Bxe3 dxe3 31. Re1 Re8 32. Re2 h5 33. Kc2 Kg8
34. Kd3 Rd8+ 35. Kc2 Re8 36. Kd3 f5 37. b3 f4 38. a4 Kf7 39. axb5 axb5 40. Ra2
Re7 41. Ke2 Rc7 42. Ra5 b4 43. Rb5 Bc3 44. Rb6 Ra7 45. Kd3 Ra2 46. Rb7+ Ke6 47.
Ke4 e2 48. Rb6+ Kd7 49. Kxf4 e1=Q 50. Nxe1 Bxe1 51. Rxg6 Bxh4 52. Rg7+ Ke6 53.
Rg6+ Kf7 54. Rh6 Rf2+ 55. Ke4 Bxg5 56. Rxh5 Bd2 57. Kd3 Bc3 58. Ra5 Ke6 59. Kc4
Rf4+ 60. Kd3 Rd4+ 61. Ke3 Rd2 62. Ke4 Rb2 63. Ra6+ Kd7 64. Kd3 Rxb3 65. Kc4 Rb1
66. Rh6 Re1 67. Rh7+ Re7 68. Rh6 Re6 69. Rh5 Be1 70. Rh7+ Kc6 71. Rh5 Re4+ 72.
Kd3 Rg4 73. Rf5 b3 74. Rf3 Rb4 75. Rf6+ Kb5 76. Rf8 b2 77. Rb8+ Ka4 78. Rxb4+
Kxb4 79. Kc2 Ka3 0-1

[Event "Ligue elite du dimanche - S9"]
[Site "Montreal CAN"]
[Date "2018.12.09"]
[Round "5"]
[White "Morin, Louis"]
[Black "Saine, Zachary"]
[Result "0-1"]
[WhiteElo "1893"]
[BlackElo "2005"]
[PlyCount "40"]
[EventDate "2018.09.23"]
[EventType "team"]
[EventRounds "5"]
[EventCountry "CAN"]
[WhiteTeam "Shredders"]
[BlackTeam "Alpha Ã‰douards"]

1. e4 e5 2. Nf3 Nc6 3. Bb5 f5 4. d3 fxe4 5. dxe4 Nf6 6. Nc3 Bb4 7. O-O d6 8.
Bg5 Bxc3 9. bxc3 O-O 10. Qd3 Be6 11. Rad1 h6 12. Bxf6 Qxf6 13. Bc4 Ne7 14.
Bxe6+ Qxe6 15. c4 Rf6 16. c5 dxc5 17. Qc3 Ng6 18. Qxc5 Rxf3 19. gxf3 Nf4 20.
Rfe1 Qg6+ 0-1

[Event "Ligue elite du dimanche - S9"]
[Site "Montreal CAN"]
[Date "2018.12.09"]
[Round "5"]
[White "Richard, Leo"]
[Black "Tanaka, Tyler"]
[Result "1-0"]
[WhiteElo "1926"]
[BlackElo "2148"]
[PlyCount "105"]
[EventDate "2018.09.23"]
[EventType "team"]
[EventRounds "5"]
[EventCountry "CAN"]
[WhiteTeam "Chess Homies"]
[BlackTeam "L33la"]

1. d4 Nf6 2. Nf3 g6 3. c4 Bg7 4. Nc3 O-O 5. e3 d5 6. Be2 c5 7. O-O cxd4 8. exd4
Nc6 9. b3 Bf5 10. Bb2 Rc8 11. Ne5 dxc4 12. Nxc6 Rxc6 13. Bf3 Rc8 14. Bxb7 Rb8
15. Ba6 cxb3 16. axb3 Qb6 17. Bc4 Rfc8 18. Ba3 Be6 19. Bc5 Qc6 20. Ra6 Rb6 21.
Bxb6 Bxc4 22. bxc4 Qxc4 23. Rxa7 Qxc3 24. Bc5 Ne4 25. Rxe7 Nxc5 26. dxc5 Qxc5
27. Qd7 Rf8 28. g3 Bf6 29. Ree1 Rd8 30. Re8+ Rxe8 31. Qxe8+ Kg7 32. Qd7 h5 33.
Rb1 Qc3 34. Kg2 h4 35. Qe8 Qd3 36. Re1 Qf5 37. Qe4 Qd7 38. gxh4 Qb5 39. Re3 Qh5
40. Rh3 Qh6 41. Qe3 Qh7 42. Qf3 Bxh4 43. Qg4 g5 44. Rxh4 Qxh4 45. Qxh4 gxh4 46.
Kh3 Kg6 47. Kxh4 Kf5 48. Kh5 Kf4 49. h4 Kf3 50. Kg5 Kxf2 51. Kf6 Kg3 52. h5 Kg4
53. h6 1-0

[Event "Ligue elite du dimanche - S9"]
[Site "Montreal CAN"]
[Date "2018.12.09"]
[Round "5"]
[White "Tsukerman, Julia"]
[Black "Omichi, Haruaki"]
[Result "0-1"]
[WhiteElo "1674"]
[BlackElo "1677"]
[PlyCount "78"]
[EventDate "2018.09.23"]
[EventType "team"]
[EventRounds "5"]
[EventCountry "CAN"]
[WhiteTeam "KingKongFou"]
[BlackTeam "FunkyChess"]

1. e4 c5 2. Nf3 Nc6 3. d4 cxd4 4. Nxd4 g6 5. c4 Bg7 6. Nc2 d6 7. Be2 Nf6 8. Nc3
O-O 9. O-O Ne5 10. Ne3 Ned7 11. Ned5 Nxd5 12. exd5 a5 13. Be3 Nc5 14. Bd4 Re8
15. Bxg7 Kxg7 16. Qd4+ Kg8 17. Rad1 Qb6 18. Rd2 Nd7 19. Re1 Qxd4 20. Rxd4 Nc5
21. Bf3 Bd7 22. Ne4 Nxe4 23. Rdxe4 Kf8 24. h4 b5 25. Rc1 Rec8 26. b3 a4 27.
Ree1 axb3 28. axb3 Ra3 29. cxb5 Rxc1 30. Rxc1 Rxb3 31. Be2 Bxb5 32. Bxb5 Rxb5
33. Rd1 Kg7 34. f4 Rb4 35. g3 Rb2 36. Kf1 Kf6 37. Kg1 Kf5 38. Rd4 Kg4 39. Rd3
Kh3 0-1

[Event "Ligue elite du dimanche - S9"]
[Site "Montreal CAN"]
[Date "2018.12.09"]
[Round "5"]
[White "Wu, Tony (Dongze)"]
[Black "He, Zekai"]
[Result "1-0"]
[WhiteElo "1953"]
[BlackElo "1415"]
[PlyCount "77"]
[EventDate "2018.09.23"]
[EventType "team"]
[EventRounds "5"]
[EventCountry "CAN"]
[WhiteTeam "Alpha Ã‰douards"]
[BlackTeam "Shredders"]

1. d4 d5 2. Nf3 Nf6 3. c4 e6 4. g3 Nbd7 5. Bg2 c6 6. O-O Bd6 7. Nfd2 O-O 8. Nc3
Bb4 9. e4 Bxc3 10. bxc3 dxe4 11. Nxe4 Qc7 12. Bf4 Qa5 13. Qc1 Nxe4 14. Bxe4 e5
15. Bd2 f5 16. Bf3 e4 17. Bg2 c5 18. f3 exf3 19. Bxf3 Nb6 20. Be3 Na4 21. Bd2
Rb8 22. Qa3 cxd4 23. Bd5+ Rf7 24. Qd6 Ra8 25. cxd4 Qb6 26. Qxb6 Nxb6 27. Bxf7+
Kxf7 28. Rac1 Be6 29. d5 Bd7 30. Be3 g6 31. Rfd1 Rc8 32. Bxb6 axb6 33. Kf2 Kf6
34. Re1 g5 35. Ke3 h5 36. Kd4 Rc5 37. Rb1 Kf7 38. Rxb6 Rc7 39. c5 1-0

[Event "Manitoba-CH U20"]
[Site "Winnipeg CAN"]
[Date "2018.10.27"]
[Round "1.1"]
[White "Wolchock, Theo"]
[Black "Marshall, Carter"]
[Result "1-0"]
[WhiteElo "2182"]
[BlackElo "1568"]
[PlyCount "61"]
[EventDate "2018.10.27"]
[EventType "swiss"]
[EventRounds "4"]
[EventCountry "CAN"]

1. c4 Nf6 2. Nc3 c5 3. g3 Nc6 4. Bg2 g6 5. e3 Ne5 6. d3 Qa5 7. Nf3 Nxf3+ 8.
Bxf3 Qb4 9. a3 Qb6 10. O-O Bg7 11. d4 cxd4 12. exd4 O-O 13. Be3 d6 14. Qd2 Bg4
15. Bxg4 Nxg4 16. Nd5 Qd8 17. Bg5 f6 18. Be3 Rc8 19. Rac1 e6 20. Nf4 e5 21. Ne6
Qd7 22. Nxf8 Rxf8 23. f3 exd4 24. Qxd4 Ne5 25. Qd5+ Kh8 26. c5 Qb5 27. Qd2 Qc6
28. cxd6 Nc4 29. Qc2 b5 30. b3 Re8 31. bxc4 1-0

[Event "Manitoba-CH U20"]
[Site "Winnipeg CAN"]
[Date "2018.10.27"]
[Round "1.2"]
[White "Myrzaibraimova, Aibike"]
[Black "Lei, Yanyu"]
[Result "0-1"]
[WhiteElo "1450"]
[BlackElo "1607"]
[PlyCount "87"]
[EventDate "2018.10.27"]
[EventType "swiss"]
[EventRounds "4"]
[EventCountry "CAN"]

1. e4 c5 2. Nf3 d6 3. Bc4 Bg4 4. O-O Nf6 5. Nc3 g6 6. Re1 Nc6 7. Nd5 Bg7 8. h3
Bxf3 9. Qxf3 Nd4 10. Qd3 O-O 11. c3 Nc6 12. f4 Nxd5 13. Bxd5 Qd7 14. e5 e6 15.
Bxc6 Qxc6 16. exd6 Rad8 17. Qe4 Qxe4 18. Rxe4 Rxd6 19. b3 Rfd8 20. a3 b5 21. b4
c4 22. a4 a6 23. axb5 axb5 24. Kf2 f5 25. Re2 R8d7 26. g4 Kf7 27. g5 h6 28. h4
h5 29. Ke3 Rd3+ 30. Kf2 Rh3 31. Ra5 Rh2+ 32. Kf3 Rxh4 33. Rxb5 Rd3+ 34. Re3
Rh3+ 35. Kg2 Rhxe3 36. dxe3 Rxc3 37. Rb7+ Kg8 38. Bd2 Rc2 39. Rb8+ Kh7 40. Rd8
c3 41. Rc8 cxd2 42. Rxc2 d1=Q 43. Rc5 Qd2+ 44. Kf3 0-1

[Event "Manitoba-CH U20"]
[Site "Winnipeg CAN"]
[Date "2018.10.27"]
[Round "2.1"]
[White "Lei, Yanyu"]
[Black "Wolchock, Theo"]
[Result "0-1"]
[WhiteElo "1607"]
[BlackElo "2182"]
[PlyCount "82"]
[EventDate "2018.10.27"]
[EventType "swiss"]
[EventRounds "4"]
[EventCountry "CAN"]

1. d4 Nf6 2. c4 c5 3. d5 b5 4. cxb5 a6 5. Nf3 g6 6. Nc3 Bg7 7. Bg5 d6 8. Qd2 h6
9. Bf4 axb5 10. Nxb5 Ne4 11. Qc2 Qa5+ 12. Nc3 Bxc3+ 13. bxc3 Qxc3+ 14. Qxc3
Nxc3 15. g3 Nxd5 16. Bg2 Nxf4 17. gxf4 Bb7 18. O-O O-O 19. a4 Nc6 20. Nd2 Na5
21. Bxb7 Nxb7 22. Nc4 Na5 23. Nxa5 Rxa5 24. Ra2 Rb8 25. Rfa1 Rb4 26. e3 Kf8 27.
Kf1 Ke8 28. Ke2 Kd7 29. Kd3 Kc6 30. Kc3 d5 31. Rb2 Raxa4 32. Rxa4 Rxa4 33. Kb3
Rb4+ 34. Kc2 Rxb2+ 35. Kxb2 f6 36. Kc3 e5 37. Kd3 exf4 38. exf4 Kd6 39. f3 Ke6
40. h4 h5 41. f5+ Kxf5 0-1

[Event "Manitoba-CH U20"]
[Site "Winnipeg CAN"]
[Date "2018.10.27"]
[Round "2.2"]
[White "Furda, Ievgeniia-Diana"]
[Black "Russo, Max"]
[Result "1-0"]
[WhiteElo "1570"]
[BlackElo "1574"]
[PlyCount "153"]
[EventDate "2018.10.27"]
[EventType "swiss"]
[EventRounds "4"]
[EventCountry "CAN"]

1. e4 d5 2. exd5 Qxd5 3. Nc3 Qa5 4. d4 Nf6 5. Nf3 Bg4 6. h3 Bh5 7. g4 Bg6 8.
Bd2 c6 9. Ne5 e6 10. Nxg6 hxg6 11. Qf3 Qb6 12. O-O-O Be7 13. Be3 Nd5 14. Nxd5
cxd5 15. Qe2 O-O 16. h4 Nd7 17. h5 gxh5 18. gxh5 f5 19. Bg2 Nf6 20. Bf3 Kf7 21.
Rhg1 Rg8 22. Rg6 Raf8 23. Rdg1 a6 24. Bg5 Qxd4 25. c3 Qa4 26. Re1 Ne4 27. Bxe7
Kxe7 28. Bxe4 Qxe4 29. Qd2 Qc4 30. Rgxe6+ Kd7 31. Re7+ Kc8 32. b3 Qc5 33. R7e5
Rd8 34. Rxf5 Rgf8 35. Ree5 Rxf5 36. Rxf5 a5 37. Rg5 Rd7 38. Qe3 Qd6 39. Qe8+
Kc7 40. Qe5 b6 41. Qxd6+ Kxd6 42. Kd2 Kc5 43. Kd3 b5 44. a3 b4 45. axb4+ axb4
46. c4 Kc6 47. Rxd5 Rxd5+ 48. cxd5+ Kxd5 49. f4 Kc5 50. f5 Kd6 51. Kc4 Ke5 52.
Kxb4 Kxf5 53. Kc4 Kg5 54. b4 Kxh5 55. b5 g5 56. b6 g4 57. b7 g3 58. b8=Q Kh4
59. Qb1 g2 60. Qg1 Kg3 61. Kd3 Kf3 62. Kd2 Kg3 63. Ke2 Kf4 64. Qxg2 Ke5 65. Qg4
Kd5 66. Qf4 Kc5 67. Qe4 Kb5 68. Qd4 Ka5 69. Qb2 Ka4 70. Kd3 Ka5 71. Qb3 Ka6 72.
Qb4 Ka7 73. Qb5 Ka8 74. Kd4 Ka7 75. Kc5 Ka8 76. Kc6 Ka7 77. Qb7# 1-0

[Event "Manitoba-CH U20"]
[Site "Winnipeg CAN"]
[Date "2018.10.28"]
[Round "3.1"]
[White "Wolchock, Theo"]
[Black "Furda, Ievgeniia-Diana"]
[Result "1-0"]
[WhiteElo "2182"]
[BlackElo "1570"]
[PlyCount "79"]
[EventDate "2018.10.27"]
[EventType "swiss"]
[EventRounds "4"]
[EventCountry "CAN"]

1. e4 e5 2. Nc3 Nc6 3. Bc4 Nf6 4. d3 d6 5. f4 exf4 6. Bxf4 Be6 7. Bxe6 fxe6 8.
Nf3 e5 9. Bg5 Be7 10. O-O Qd7 11. Kh1 O-O-O 12. d4 Ng4 13. d5 Nd4 14. Bxe7 Qxe7
15. Nxd4 exd4 16. Qxg4+ Kb8 17. Ne2 Rde8 18. Nxd4 Qxe4 19. Qxe4 Rxe4 20. Ne6 g6
21. Rae1 Rxe1 22. Rxe1 Kc8 23. Rf1 c6 24. Rf8+ Rxf8 25. Nxf8 cxd5 26. Kg1 Kd8
27. Nxh7 Ke7 28. Kf2 Ke6 29. Ke3 Ke5 30. c3 a6 31. Ng5 Kf5 32. Nf3 b6 33. g4+
Ke6 34. b3 b5 35. b4 Kf6 36. h4 Ke6 37. Kd4 Ke7 38. Ng5 Kf6 39. Kxd5 Ke7 40.
Ne4 1-0

[Event "Manitoba-CH U20"]
[Site "Winnipeg CAN"]
[Date "2018.10.28"]
[Round "3.2"]
[White "Marshall, Carter"]
[Black "Lei, Yanyu"]
[Result "1-0"]
[WhiteElo "1568"]
[BlackElo "1607"]
[PlyCount "107"]
[EventDate "2018.10.27"]
[EventType "swiss"]
[EventRounds "4"]
[EventCountry "CAN"]

1. e4 c5 2. d4 cxd4 3. c3 dxc3 4. Nxc3 Nc6 5. Bc4 Nf6 6. Nf3 g6 7. Qb3 e6 8.
Bg5 h6 9. Bf4 Nh5 10. Be3 Na5 11. Qa4 Nxc4 12. Qxc4 Bg7 13. e5 b6 14. g4 Bb7
15. Ne4 d5 16. Qb5+ Kf8 17. Nd6 Qe7 18. gxh5 d4 19. Nxb7 Qxb7 20. Qe2 dxe3 21.
Qxe3 g5 22. Rg1 f5 23. Nd4 Re8 24. f4 gxf4 25. Qxf4 Qe4+ 26. Qxe4 fxe4 27. Nc6
a5 28. Rg6 Kf7 29. O-O-O Rc8 30. Rd7+ Kf8 31. Rxe6 Bxe5 32. Rxe5 Rxc6+ 33. Kd2
Rg8 34. Rd8+ Kf7 35. Rxg8 Kxg8 36. a3 Kf7 37. b4 axb4 38. axb4 Rc4 39. Rb5 Rc6
40. Ke3 Re6 41. Rd5 Kf6 42. b5 Re5 43. Rd6+ Re6 44. Rxe6+ Kxe6 45. Kxe4 Kd6 46.
Kf5 Kc5 47. Kg6 Kxb5 48. Kxh6 Kc4 49. Kg6 b5 50. h6 b4 51. h7 b3 52. h8=Q Kd3
53. Qb2 Kc4 54. h4 1-0

[Event "Manitoba-CH U20"]
[Site "Winnipeg CAN"]
[Date "2018.10.28"]
[Round "3.3"]
[White "Russo, Max"]
[Black "Myrzaibraimova, Aibike"]
[Result "1-0"]
[WhiteElo "1574"]
[BlackElo "1450"]
[PlyCount "81"]
[EventDate "2018.10.27"]
[EventType "swiss"]
[EventRounds "4"]
[EventCountry "CAN"]

1. d4 d5 2. Nf3 Nc6 3. c4 e6 4. a3 Nf6 5. Nc3 Be7 6. Bf4 Ne4 7. Qc2 Nxc3 8.
Qxc3 O-O 9. e3 Bf6 10. Bd3 Ne7 11. Qc2 Ng6 12. Bxg6 fxg6 13. cxd5 exd5 14. Bxc7
Bf5 15. Bxd8 Bxc2 16. Bxf6 gxf6 17. O-O g5 18. Rfc1 Be4 19. Nd2 Rfd8 20. Nxe4
dxe4 21. Rc7 b6 22. Rac1 f5 23. g3 a5 24. Rb7 Rab8 25. Rxb8 Rxb8 26. Rc7 Rd8
27. Kf1 f4 28. gxf4 gxf4 29. Ke2 fxe3 30. fxe3 Rd5 31. Kd1 Rh5 32. Rc2 Rg5 33.
Re2 Rg1+ 34. Kc2 a4 35. Kc3 b5 36. d5 Kf7 37. Kd4 Ke7 38. Kxe4 Kd6 39. Rf2 Rg5
40. Rf6+ Kc5 41. Rc6# 1-0

[Event "Manitoba-CH U20"]
[Site "Winnipeg CAN"]
[Date "2018.10.28"]
[Round "4.1"]
[White "Russo, Max"]
[Black "Wolchock, Theo"]
[Result "0-1"]
[WhiteElo "1574"]
[BlackElo "2182"]
[PlyCount "130"]
[EventDate "2018.10.27"]
[EventType "swiss"]
[EventRounds "4"]
[EventCountry "CAN"]

1. d4 Nf6 2. Nf3 c5 3. dxc5 e6 4. Bg5 Bxc5 5. e3 O-O 6. Be2 h6 7. Bh4 d5 8. a3
b6 9. c4 Be7 10. Nc3 Bb7 11. cxd5 Nxd5 12. Bxe7 Qxe7 13. Nxd5 Bxd5 14. O-O Rd8
15. Qc2 Nd7 16. Rac1 Nf6 17. Ne5 Qb7 18. Bf3 Bxf3 19. Nxf3 Rac8 20. Qe2 Ne4 21.
h3 Rxc1 22. Rxc1 Rc8 23. Rxc8+ Qxc8 24. Nd4 Qc1+ 25. Kh2 Nd2 26. h4 Qxb2 27. a4
Qb4 28. g3 Ne4 29. Qc2 Nc5 30. Nc6 Qxa4 31. Qxa4 Nxa4 32. Nxa7 Kf8 33. Nb5 Ke7
34. f4 Kd7 35. Kg2 Kc6 36. Nd4+ Kd5 37. Kf3 Nc3 38. g4 b5 39. Nc2 Kc4 40. g5 h5
41. e4 b4 42. Nxb4 Kxb4 43. e5 g6 44. Ke3 Kc4 45. Kf3 Kd3 46. Kf2 Ke4 47. Kg3
Na4 48. f5 Kxf5 49. Kh3 Kxe5 50. Kg3 Ke4 51. Kh3 Kf3 52. Kh2 Kf2 53. Kh3 Nb6
54. Kh2 Nc4 55. Kh3 Nd6 56. Kh2 Nf5 57. Kh3 e5 58. Kh2 e4 59. Kh3 e3 60. Kh2 e2
61. Kh3 e1=N 62. Kh2 Nd4 63. Kh1 Ne2 64. Kh2 Nf3+ 65. Kh3 Neg1# 0-1

[Event "Manitoba-CH U20"]
[Site "Winnipeg CAN"]
[Date "2018.10.28"]
[Round "4.2"]
[White "Myrzaibraimova, Aibike"]
[Black "Marshall, Carter"]
[Result "0-1"]
[WhiteElo "1450"]
[BlackElo "1568"]
[PlyCount "68"]
[EventDate "2018.10.27"]
[EventType "swiss"]
[EventRounds "4"]
[EventCountry "CAN"]

1. e4 c5 2. Nf3 d6 3. Nc3 Nf6 4. Bc4 g6 5. O-O Bg7 6. d4 cxd4 7. Nxd4 Nc6 8.
Bb5 Bd7 9. f4 Nxe4 10. Nxc6 Qb6+ 11. Kh1 Bxc3 12. Qe2 bxc6 13. bxc3 Nxc3 14.
Qe1 Qxb5 15. Ba3 Nd5 16. Bxd6 O-O 17. Bxe7 Rfe8 18. Qc1 Rxe7 19. c4 Qc5 20.
cxd5 Qxc1 21. Raxc1 cxd5 22. Rc7 Rae8 23. h3 d4 24. Rd1 Re1+ 25. Rxe1 Rxe1+ 26.
Kh2 Bf5 27. Rxa7 d3 28. Ra8+ Kg7 29. Rd8 Re2 30. a4 d2 31. a5 Bc2 32. a6 d1=Q
33. Rxd1 Bxd1 34. Kg1 Ra2 0-1

[Event "Manitoba-ch"]
[Site "Winnipeg CAN"]
[Date "2018.03.06"]
[Round "1.1"]
[White "Babb, Jeff"]
[Black "Baron, Gustav"]
[Result "0-1"]
[WhiteElo "2205"]
[BlackElo "2216"]
[PlyCount "116"]
[EventDate "2018.03.06"]
[EventType "k.o."]
[EventRounds "3"]
[EventCountry "CAN"]

1. c4 Nf6 2. Nc3 g6 3. g3 Bg7 4. Bg2 O-O 5. e4 d6 6. Nge2 c5 7. O-O Nc6 8. d3
Rb8 9. a3 a6 10. Rb1 b5 11. cxb5 axb5 12. b4 cxb4 13. axb4 Nd7 14. d4 Na7 15.
Ra1 Nc6 16. Rb1 Na7 17. Be3 Nb6 18. d5 Bd7 19. Bd4 Nac8 20. Bxg7 Kxg7 21. Nd4
Nc4 22. Ndxb5 Bxb5 23. Nxb5 Rxb5 24. Qd4+ Ne5 25. f4 f6 26. fxe5 dxe5 27. Qe3
Nd6 28. Rfc1 Qb8 29. Qe1 Qb6+ 30. Qf2 Qxf2+ 31. Kxf2 f5 32. Rc5 Rb7 33. Ke3
Rfb8 34. exf5 gxf5 35. b5 Rxb5 36. Rcxb5 Rxb5 37. Rxb5 Nxb5 38. g4 fxg4 39. Be4
h5 40. Bf5 Kf6 41. Bd7 Nd6 42. Ba4 Nc4+ 43. Kf2 Kf5 44. h3 Kf4 45. hxg4 hxg4
46. Bb3 g3+ 47. Kg1 Nd2 48. Bd1 Nc4 49. Bb3 Ne3 50. Ba2 Ke4 51. Bb3 Kd4 52. Kh1
e4 53. Kg1 Nxd5 54. Kg2 Nc3 55. Kxg3 e3 56. Be6 Kd3 57. Bg4 e5 58. Kg2 Kd2 0-1

[Event "Manitoba-ch"]
[Site "Winnipeg CAN"]
[Date "2018.03.06"]
[Round "1.1"]
[White "Nones, Teodulfo"]
[Black "Boron, Anthony"]
[Result "1-0"]
[WhiteElo "2321"]
[BlackElo "2021"]
[PlyCount "112"]
[EventDate "2018.03.06"]
[EventType "k.o."]
[EventRounds "3"]
[EventCountry "CAN"]

1. e4 e5 2. Nf3 Nc6 3. Bb5 Bb4 4. O-O Nge7 5. c3 Ba5 6. d4 exd4 7. Nxd4 O-O 8.
Bg5 f6 9. Be3 Bb6 10. Na3 Nxd4 11. Bxd4 Bxd4 12. Qxd4 a6 13. Be2 d6 14. f4 Be6
15. Bf3 Nc6 16. Qd2 Qe8 17. Nc2 Rb8 18. Nd4 Nxd4 19. cxd4 c5 20. Rac1 Qa4 21.
b3 Qxd4+ 22. Qxd4 cxd4 23. Rcd1 Rfd8 24. Rxd4 Kf8 25. Rc1 Rd7 26. Kf2 Ke7 27.
Ke3 Rbd8 28. Rc2 g6 29. g3 g5 30. b4 h6 31. a3 Bb3 32. Rc3 Be6 33. a4 Rg8 34.
a5 g4 35. Bd1 Rdd8 36. Rc7+ Rd7 37. Rc3 Rdd8 38. Rd2 h5 39. Ba4 Rc8 40. Rdc2
Rxc3+ 41. Rxc3 Kd8 42. Kd4 Rg7 43. e5 fxe5+ 44. fxe5 Bd7 45. Bxd7 dxe5+ 46.
Kxe5 Rxd7 47. Rc2 Rd1 48. Rc5 Rb1 49. Kd6 Rd1+ 50. Ke6 Re1+ 51. Re5 Rb1 52. Kd6
Rxb4 53. Rxh5 Rd4+ 54. Kc5 Ra4 55. Kb6 Rb4+ 56. Ka7 Rb5 1-0

[Event "Manitoba-ch"]
[Site "Winnipeg CAN"]
[Date "2018.03.06"]
[Round "1.1"]
[White "Valentino, Marcos"]
[Black "Swift, Ryne"]
[Result "0-1"]
[WhiteElo "2068"]
[BlackElo "2211"]
[PlyCount "126"]
[EventDate "2018.03.06"]
[EventType "k.o."]
[EventRounds "3"]
[EventCountry "CAN"]

1. d4 Nf6 2. Nf3 e6 3. Bf4 b6 4. e3 Bb7 5. Bd3 c5 6. c3 Be7 7. Nbd2 d6 8. h3
O-O 9. Qe2 a6 10. h4 Nbd7 11. O-O-O b5 12. Kb1 b4 13. c4 d5 14. Ne5 cxd4 15.
exd4 dxc4 16. Ndxc4 Nb6 17. Nxb6 Qxb6 18. Nc4 Qd8 19. Rh2 Bd5 20. h5 b3 21. a3
Bxc4 22. Bxc4 Qa5 23. g4 Rfc8 24. Bxb3 Qb6 25. Rh3 Bd6 26. Be5 Nd7 27. f4 a5
28. Ka1 Bxe5 29. fxe5 Rc7 30. g5 a4 31. Ba2 Rac8 32. Rhh1 Rc2 33. Qxc2 Rxc2 34.
Rb1 Rd2 35. g6 hxg6 36. hxg6 fxg6 37. Rhc1 Kf7 38. Rf1+ Ke7 39. Rg1 Nf8 40. d5
exd5 41. Rg4 d4 42. Rf4 Ne6 43. Rg4 Nc5 44. e6 Nb3+ 45. Bxb3 Qxb3 46. Rxg6 d3
47. Rxg7+ Kxe6 48. Rgg1 Re2 49. Rg8 Kd5 50. Rd8+ Ke4 51. Re8+ Kd4 52. Rd8+ Ke3
53. Re8+ Kf2 54. Rf8+ Kg2 55. Rf6 d2 56. Rg6+ Kf2 57. Rf6+ Ke3 58. Rff1 Rf2 59.
Rh1 Ke2 60. Rh8 d1=Q 61. Re8+ Kf3 62. Rf8+ Kg2 63. Rg8+ Qxg8 0-1

[Event "Manitoba-ch"]
[Site "Winnipeg CAN"]
[Date "2018.03.06"]
[Round "1.1"]
[White "Wolchock, Theo"]
[Black "Wiebe, Isaac"]
[Result "0-1"]
[WhiteElo "2004"]
[BlackElo "2280"]
[PlyCount "111"]
[EventDate "2018.03.06"]
[EventType "k.o."]
[EventRounds "3"]
[EventCountry "CAN"]

1. e4 e6 2. d4 d5 3. Nd2 Nf6 4. e5 Nfd7 5. Bd3 c5 6. c3 Nc6 7. Ngf3 Be7 8. O-O
g5 9. dxc5 Nxc5 10. Bb5 Qb6 11. a4 a6 12. Bxc6+ bxc6 13. b4 Nd7 14. Nb3 g4 15.
Nfd4 Nxe5 16. Re1 Ng6 17. Qc2 O-O 18. Be3 Qc7 19. b5 axb5 20. axb5 Rxa1 21.
Rxa1 cxb5 22. Nxb5 Qe5 23. Bd4 Qh5 24. Ra7 e5 25. Bc5 Bxc5 26. Nxc5 Bf5 27. Qd1
Rb8 28. Qxd5 Nf8 29. c4 Be6 30. Nxe6 Nxe6 31. Ra8 Rxa8 32. Qxa8+ Kg7 33. Nc3
Qg5 34. Qa1 Nd4 35. Qd1 h5 36. Ne4 Qg6 37. Qd3 h4 38. Nc5 Qg5 39. Qe3 Qh5 40.
Nd3 f6 41. c5 h3 42. g3 Nf3+ 43. Kh1 Qf7 44. Qe4 f5 45. Qc6 Qa7 46. Nc1 Qe7 47.
Qb6 Qd7 48. Qb3 Qd2 49. Nd3 Qe2 50. Qb7+ Kg6 51. Qb6+ Kh5 52. Qb1 Qe4 53. Nf4+
exf4 54. Qxe4 fxe4 55. c6 e3 56. fxe3 0-1

[Event "Manitoba-ch"]
[Site "Winnipeg CAN"]
[Date "2018.03.13"]
[Round "1.2"]
[White "Baron, Gustav"]
[Black "Babb, Jeff"]
[Result "1-0"]
[WhiteElo "2216"]
[BlackElo "2205"]
[PlyCount "102"]
[EventDate "2018.03.06"]
[EventType "k.o."]
[EventRounds "3"]
[EventCountry "CAN"]

1. d4 d5 2. Bf4 Nc6 3. e3 Bf5 4. c3 e6 5. Nd2 Bd6 6. Bg3 Nf6 7. Ngf3 O-O 8. Be2
Ne4 9. Nh4 Nxg3 10. hxg3 Bg6 11. Nxg6 hxg6 12. f4 Ne7 13. Bd3 c5 14. Qf3 f6 15.
O-O-O Kf7 16. g4 Qa5 17. Kb1 c4 18. Bc2 Rh8 19. e4 b5 20. f5 exf5 21. gxf5 g5
22. exd5 Rae8 23. Ne4 Qc7 24. Rh5 Nc8 25. Rdh1 Rhg8 26. Rh7 Ref8 27. Qh5+ Ke7
28. Qe2 Kd7 29. Qh5 Ne7 30. Qf3 Kc8 31. Nf2 Qb7 32. Ng4 Kb8 33. g3 Qc8 34. Nf2
Qb7 35. Be4 Kc7 36. Ng4 Qa8 37. Ne5 fxe5 38. dxe5 Qd8 39. exd6+ Qxd6 40. Qe3
Kb8 41. g4 Qe5 42. Qf3 Nc8 43. Qg2 Nd6 44. Bf3 Re8 45. Qh2 Qf6 46. Qf2 Nxf5 47.
gxf5 Qxf5+ 48. Ka1 g4 49. Qg3+ Re5 50. R1h5 g5 51. Qg1 gxf3 1-0

[Event "Manitoba-ch"]
[Site "Winnipeg CAN"]
[Date "2018.03.13"]
[Round "1.2"]
[White "Boron, Anthony"]
[Black "Nones, Teodulfo"]
[Result "0-1"]
[WhiteElo "2021"]
[BlackElo "2321"]
[PlyCount "58"]
[EventDate "2018.03.06"]
[EventType "k.o."]
[EventRounds "3"]
[EventCountry "CAN"]

1. b3 c5 2. e4 Nc6 3. Bb2 d6 4. f4 Nf6 5. Nc3 e6 6. Nf3 Be7 7. g3 h5 8. h3 d5
9. exd5 exd5 10. Qe2 Bf5 11. O-O-O d4 12. Na4 Bxc2 13. Re1 Nb4 14. Qb5+ Kf8 15.
a3 Bxb3 16. axb4 a6 17. Qxb7 Bd5 18. Qb6 Bxf3 19. Qxd8+ Rxd8 20. Rh2 cxb4 21.
Bd3 Bc6 22. Nb6 Bc5 23. Nc4 Bb5 24. Re5 Nd5 25. Rhe2 f6 26. R5e4 Nb6 27. Nd6
Bxd6 28. Bxb5 axb5 29. Bxd4 Nd5 0-1